V for Vendetta cast - Statistics

General Stats
  • This quiz has been taken 7 times
  • The average score is 5 of 12
Answer Stats
ACTOR CHARACTER % Correct
Hugo Weaving V
100%
John Hurt Adam Sutler
43%
Tim Piggot Smith Creedy
43%
Rupert Graves Dominic
43%
Natalie Portman Evey
43%
Stephen Rhea Finch
43%
Stephen Fry Gordon Deitrich
43%
Roger Allam Lewis Prothero
43%
Ben Miles Dascomb
29%
Sinead Cusack Delia Surridge
29%
John Standing Lilliman
29%
Natasha Wightman Valerie
29%
No matching quizzes found
Score Distribution
Percent of People with Each Score
Percentile by Number Answered
Your Score History
You have not taken this quiz